| 000 | 00706cam a22002172 4500 | ||
|---|---|---|---|
| 001 | 0000021285 | ||
| 005 | 20151217145933.0 | ||
| 008 | 120307s xx 000 0 eng d | ||
| 020 | _a1439055661 | ||
| 040 |
_aKABU _cKABU |
||
| 100 | 1 |
_aDean, Tamara. _@0000182087 |
|
| 245 | 1 | 0 |
_aNetwork+ guide to networks / _cTamara Dean. |
| 250 | _a5th ed. | ||
| 260 |
_aAustralia : _bCengage learning, _c2010. |
||
| 300 |
_axxiv, 889 p. + _e1 CD-ROM. |
||
| 650 | 0 |
_aComputer networks _vStudy guide _xExamination. _@0000182088 |
|
| 650 | 0 |
_aTelecommunications engineers _vStudy guides _xCertification. _@0000182089 |
|
| 852 | 1 | _9p2200 KES | |
| 908 | _a120307 | ||
| 950 | _@1 | ||
| 999 |
_c4274 _d4274 |
||